American government: Comparing political experiences (Record no. 33281)

MARC details
000 -LEADER
fixed length control field 00339nam a2200121Ia 4500
082 ## - DEWEY DECIMAL CLASSIFICATION NUMBER
Classification number 35(73)
Item number GIL
100 ## - MAIN ENTRY--AUTHOR NAME
Personal name GILLESPIE, Judith
245 #0 - TITLE STATEMENT
Title American government: Comparing political experiences
260 ## - PUBLICATION, DISTRIBUTION, ETC. (IMPRINT)
Place of publication New Jersey
Name of publisher Prentice Hall
Year of publication 1979
700 ## - ADDED ENTRY--PERSONAL NAME
Personal name LAZARUS, Stuart
942 ## - ADDED ENTRY ELEMENTS (KOHA)
Koha item type Books
Holdings
Withdrawn status Lost status Damaged status Not for loan Home library Current library Date acquired Full call number Accession Number Koha item type
        RRII Library RRII Library 16/12/2021 35(73) GIL 13780 Books